000 00622nam a2200193Ia 4500
005 20250508170031.0
008 008 250505s9999 xx 000 0 eng d
037 _aTheses
040 _aFEDL
_beng
_cFEDL
041 _aeng
_2eng
084 _a371.96, BHA/TH
_qFEDL
100 _aBhardwaj Rajnee
_9782784
245 0 _aStudy of culture of tribal students studying in Delhi in relation to their adjustment problems and academic performance
260 _c2013
300 _axi, 202p.
546 _aGifted Ph.D Thesis (Jamia Millia Islamia)
942 _cTH
_h371.96, BHA/TH
999 _c1398816
_d1398816